The world almanac and book of facts, 2014 / (Record no. 36072)
[ view plain ]
| 000 -LEADER | |
|---|---|
| fixed length control field | 01056cam a2200301Ia 4500 |
| 001 - CONTROL NUMBER | |
| control field | 36072 |
| 003 - CONTROL NUMBER IDENTIFIER | |
| rucl marc code | BD-RjUL |
| 005 - DATE AND TIME OF LATEST TRANSACTION | |
| control field | 20211209052429.0 |
| 008 - FIXED-LENGTH DATA ELEMENTS--GENERAL INFORMATION | |
| fixed length control field | 140616s2014 nyuab 001 0 eng d |
| 020 ## - INTERNATIONAL STANDARD BOOK NUMBER | |
| International Standard Book Number | 9781600571824pbk.) |
| International Standard Book Number | 1600571824 (pbk.) |
| 035 ## - SYSTEM CONTROL NUMBER | |
| System control number | (BD-RjUL)36169 |
| 040 ## - CATALOGING SOURCE | |
| Original cataloging agency | BTCTA |
| Language of cataloging | eng |
| Transcribing agency | BTCTA |
| Modifying agency | YDXCP |
| -- | DAD |
| -- | SAP |
| -- | WCH |
| -- | EYP |
| -- | OCLCQ |
| -- | BDX |
| -- | ZR1 |
| -- | BD-RjUL |
| 049 ## - LOCAL HOLDINGS (OCLC) | |
| Holding library | MBUU |
| 082 ## - DEWEY DECIMAL CLASSIFICATION NUMBER | |
| Classification number | P 031.0205 |
| Author mark and year | WOR 2014 |
| 245 04 - TITLE STATEMENT | |
| Title | The world almanac and book of facts, 2014 / |
| Statement of responsibility, etc. | [Senior Editor : Sarah Janssen; Editor :M.L. Liu; Associate Editor: Shmuel Ross] |
| 246 18 - VARYING FORM OF TITLE | |
| Title proper/short title | World almanac, 2014. |
| 260 ## - PUBLICATION, DISTRIBUTION, ETC. (IMPRINT) | |
| Place of publication, distribution, etc. | New York : |
| Name of publisher, distributor, etc. | World Almanac Books, |
| Date of publication, distribution, etc. | c2014. |
| 300 ## - PHYSICAL DESCRIPTION | |
| Pagination | 1007 p. : |
| Illustrations | ill. |
| Size | 26 cm. |
| 500 ## - GENERAL NOTE | |
| General note | Includes indexes. |
| 650 #0 - SUBJECT ADDED ENTRY--TOPICAL TERM | |
| Topical term or geographic name as entry element | Almanacs, American. |
| 9 (RLIN) | 108879 |
| Topical term or geographic name as entry element | Statistics |
| Form subdivision | Periodicals. |
| 9 (RLIN) | 109751 |
| 651 #0 - SUBJECT ADDED ENTRY--GEOGRAPHIC NAME | |
| Geographic name | United States |
| Form subdivision | Statistics. |
| 9 (RLIN) | 108348 |
| 700 1# - ADDED ENTRY--PERSONAL NAME | |
| Personal name | Janssen, Sarah. Senior Editor |
| Dates associated with a name | 1982- |
| Personal name | Liu, M.L. Editor |
| Personal name | Ross, Shmuel, Associate Editor |
| 942 ## - ADDED ENTRY ELEMENTS (KOHA) | |
| Source of classification or shelving scheme | Dewey Decimal Classification |
| Koha item type | Continuing Resources |
| Lost status | Source of classification or shelving scheme | Damaged status | Not for loan | Permanent Location | Current Location | Shelving location | Date acquired | Source of acquisition | Cost, normal purchase price | Total Checkouts | Full call number | Date last seen | Copy number | Koha item type |
|---|---|---|---|---|---|---|---|---|---|---|---|---|---|---|
| Dewey Decimal Classification | Not For Loan | Central Library, University of Rajshahi | Central Library, University of Rajshahi | 15/06/2014 | N.Y. Worlds Almanac | 0.00 | P 031.0205 WOR 2014 | 16/06/2014 | C-1 | Continuing Resources |